<?xml version="1.0" encoding="UTF-8"?><?xml-stylesheet type="text/xsl" href="static/style.xsl"?><OAI-PMH xmlns="http://www.openarchives.org/OAI/2.0/" xmlns:xsi="http://www.w3.org/2001/XMLSchema-instance" xsi:schemaLocation="http://www.openarchives.org/OAI/2.0/ http://www.openarchives.org/OAI/2.0/OAI-PMH.xsd"><responseDate>2026-04-18T06:16:30Z</responseDate><request verb="GetRecord" identifier="oai:www.recercat.cat:20.500.12694/7198" metadataPrefix="marc">https://recercat.cat/oai/request</request><GetRecord><record><header><identifier>oai:recercat.cat:20.500.12694/7198</identifier><datestamp>2025-12-18T20:11:42Z</datestamp><setSpec>com_2072_179042</setSpec><setSpec>col_2072_484475</setSpec></header><metadata><record xmlns="http://www.loc.gov/MARC21/slim" xmlns:dcterms="http://purl.org/dc/terms/" xmlns:xsi="http://www.w3.org/2001/XMLSchema-instance" xmlns:doc="http://www.lyncode.com/xoai" xsi:schemaLocation="http://www.loc.gov/MARC21/slim http://www.loc.gov/standards/marcxml/schema/MARC21slim.xsd">
   <leader>00925njm 22002777a 4500</leader>
   <datafield ind2=" " ind1=" " tag="042">
      <subfield code="a">dc</subfield>
   </datafield>
   <datafield ind2=" " ind1=" " tag="720">
      <subfield code="a">Casademunt i Riera, Anna</subfield>
      <subfield code="e">author</subfield>
   </datafield>
   <datafield ind2=" " ind1=" " tag="260">
      <subfield code="c">2015-03-02</subfield>
   </datafield>
   <datafield ind2=" " ind1=" " tag="520">
      <subfield code="a">El propòsit d'aquest treball és donar a conèixer la lyra viol i la seva música. Entre altres maneres de tocar aquest instrument, es mostrarà com aquest servia per acompanyar la veu, així com per a arranjar peces polifòniques, tal com trobem en publicacions de l'època. I serà a partir d'aquests exemples que he fet els meus propis arranjaments per a viola de gamba, els quals incloc en aquest treball.</subfield>
   </datafield>
   <datafield ind2=" " ind1=" " tag="520">
      <subfield code="a">El propósito de este trabajo es dar a conocer la lyra viol y su música. Entre otras maneras de tocar este instrumento, se mostrará la lyra viol como instrumento de acompañamiento de la voz, así como arreglar piezas polifónicas de consort de violas, como encontramos en publicaciones de la época. A partir de estos ejemplos, he escrito mis propios arreglos para viola de gamba, los cuales incluyo en este trabajo.</subfield>
   </datafield>
   <datafield ind2=" " ind1=" " tag="520">
      <subfield code="a">The purpose of this essay is to make the lyra viol and its music known. Among other ways of playing this instrument, I also intend to show the lyra viol as an accompaniment to the voice and to arrange polyphonic consort pieces, similar to those found in printed music of that time. Based on these examples, I have written my own arrangements for lyra viol, which are included in this paper.</subfield>
   </datafield>
   <datafield ind1="8" ind2=" " tag="024">
      <subfield code="a">http://hdl.handle.net/20.500.12694/7198</subfield>
   </datafield>
   <datafield tag="653" ind2=" " ind1=" ">
      <subfield code="a">TFM MIMA</subfield>
   </datafield>
   <datafield tag="653" ind2=" " ind1=" ">
      <subfield code="a">Viola de gamba--Anàlisi i apreciació</subfield>
   </datafield>
   <datafield tag="653" ind2=" " ind1=" ">
      <subfield code="a">Música vocal--Arranjaments instrumentals</subfield>
   </datafield>
   <datafield tag="653" ind2=" " ind1=" ">
      <subfield code="a">Cançons--Acompanyament</subfield>
   </datafield>
   <datafield tag="653" ind2=" " ind1=" ">
      <subfield code="a">Música--Anglaterra--S. XVII</subfield>
   </datafield>
   <datafield ind2="0" ind1="0" tag="245">
      <subfield code="a">Lyra Viol “Instrument de música domèstica”</subfield>
   </datafield>
</record></metadata></record></GetRecord></OAI-PMH>